| 000 | 00748nam a22002417a 4500 | ||
|---|---|---|---|
| 001 | 7431 | ||
| 003 | FISKH | ||
| 005 | 20250827093454.0 | ||
| 008 | 250715b cb ||||| |||| 00| 0 eng d | ||
| 020 | _a9781595151537 | ||
| 040 |
_aFISKH _beng _cFISKH _dFISKH |
||
| 050 | _aGN394 .O37 | ||
| 082 | _a306.09152 | ||
| 100 | _aO'Hare, Ted | ||
| 245 |
_aPeople of the rain forest : _bRain forest today / _cTed O'Hare |
||
| 260 |
_aFlorida : _bRourke Publishing, _c2005. |
||
| 300 |
_a24 pages : _bcolor illustrations ; _c19 cm |
||
| 520 | _aDiscusses the habitat, animals, plants, and people of the rain forests. | ||
| 521 | 8 |
_a650
_bLexile |
|
| 521 | 8 |
_aR
_bRaz-Plus |
|
| 650 |
_aRain forests _vscience _xEthnology |
||
| 942 |
_2ddc _cBK _n0 |
||
| 999 |
_c7431 _d7431 |
||